| 000 | 00543 a2200169 4500 | ||
|---|---|---|---|
| 005 | 20250623114554.0 | ||
| 020 | _a978-81-7758-412-7 | ||
| 082 | _aLM 658.562 BES | ||
| 100 | _aBESTERFIELD, D. H. | ||
| 245 | _aTotal Quality Management | ||
| 250 | _a3rd Ed. | ||
| 260 |
_aNew Delhi, _bPearson Education, Inc, _c2003. |
||
| 300 |
_a652p.: figure, table. _bIndex & References. _c25cm. |
||
| 700 | _aMICHNA, C. B, BESTERFIELD, G. H. & SACRE, M. B. | ||
| 856 |
_yAccess Online Book _fTotal Quality Management _dwww.pearsoned.co.in |
||
| 942 |
_2ddc _cBKS |
||
| 999 |
_c3496 _d3496 |
||